Clades - Statistics

General Stats
  • This quiz has been taken 14 times
  • The average score is 10 of 16
Answer Stats
Hint Answer % Correct
Placental mammals Eutherian Mammals
88%
Lizards & snakes Squamata
75%
Tunicates Urochordata
75%
Ray Finned Fish Actinopterygii
63%
Monkeys & Apes Anthropoids
63%
Skulled Chordates Craniate
63%
Sister group of the Ecdysozoa Lophotrochozoa
63%
Hagfishes Myxini
63%
Apes, Monkeys, Lemurs, Tarsiers Primates
63%
Non-simian Primates Prosimians
63%
Turtles Testudines
63%
Caecilians Apoda
50%
Lobe finned fish Sarcopterygii
50%
Tuataras Sphenodontia
50%
Lampreys Petromyzontidae
38%
Salamanders Urodela
38%
No matching quizzes found
Score Distribution
Percent of People with Each Score
Percentile by Number Answered
Your Score History
You have not taken this quiz